000 00933nas a2200265 454500
001 29888
005 20260407193508.0
008 260407s2013####ag###########|||spa#d
003 AR-UNSa-BCEJYS
040 _aAR-UNSa-BCEJYS
_bspa
_cAR-UNSa-BCEJYS
080 _a331.5
_xMercado de Trabajo. Empleo
245 1 0 _aDocumentos de trabajo
_pOficina de la OIT en Argentina
022 _a23101-4619
264 1 _aBuenos Aires :
_bOIT
_c2013
310 _aFrecuencia: Irregular
041 _aspa
942 _cSER
590 _aniveau_biblio:s niveau_hierar:1
100 1 _aOrganización Internacional del Trabajo (OIT)
650 _aEmpleo
650 _aPolítica laboral
650 _aMercado de trabajo
650 _aTRABAJADORES
856 4 1 _uhttps://biblioeco.unsa.edu.ar/pmb/images/revistas/D?nde, c?mo y por qu? se redujo la informalidad laboral en Argentina durente el per?odo 2003-20012-r14468.jpg
_yImagen de portada
_qimage/jpeg
999 _c8680
_d8680